Peter - Taylor Swift (All Lyrics) - Statistics

General Stats
  • This quiz has been taken 1,746 times
    1,731 since last reset
  • The average score is 391 of 440
Answer Stats
Lyrics % Correct
me,
100%
me
100%
Peter
100%
Peter,
100%
for
99%
I
99%
a
98%
A
98%
Forgive
98%
The
98%
the
98%
we
98%
We
98%
were
98%
You
98%
you
98%
said
97%
Said
97%
And
96%
and
96%
come
96%
My
96%
But
95%
but
95%
find
95%
gonna
95%
grow
95%
on
95%
on)
95%
Then
95%
to
95%
To
95%
(To
95%
up
95%
when
95%
When
95%
who
95%
lost
94%
Lost
94%
"Lost
94%
of
94%
leader
93%
never
92%
Never
92%
your
92%
it
91%
men
91%
that
91%
fearless
90%
get
90%
Is
90%
is
90%
just
90%
was
90%
did?
88%
did
88%
life
88%
keep
86%
kids
86%
She
86%
she
86%
you'd
84%
Boys"
83%
from
83%
has
83%
know
83%
mine
83%
by
82%
hold
82%
(Hold
82%
now
82%
tried
82%
do
81%
somethin'
81%
twenty-five
81%
chapter
80%
deep
80%
In
80%
light
80%
oceans
80%
window
80%
days
79%
days)
79%
lying?
79%
turned
79%
woman
79%
didn't
78%
goodbye
78%
Words
78%
all
77%
love's
77%
out
77%
Promises
77%
sits
77%
Than
77%
With
77%
'Cause
76%
earned
76%
feeling
76%
perspective
76%
please
76%
return
76%
waited,
76%
always
75%
burn
75%
easier
75%
let
75%
Oh,
75%
hoped
74%
like
74%
us
74%
As
73%
lamp
73%
tell
73%
confess
72%
feet
72%
thought
72%
won't
72%
ground,
71%
mouths
71%
timing
71%
wanna
71%
expired
70%
found
70%
learned
70%
Once
70%
around
69%
down
68%
goddess
68%
trying
68%
babes
67%
could
67%
those
67%
fantasies
66%
Are
64%
different
64%
galaxies
64%
mind
64%
ribs
64%
best
63%
I've
63%
reader
63%
still
63%
same
62%
cedar
60%
moon
60%
closets
59%
things,
59%
hang
58%
shelf
58%
beguiling
57%
natural
57%
stealer?
57%
gets
56%
great
56%
heard
56%
jet
56%
Underneath
56%
both
55%
scene
55%
stream
55%
masqueraded,
54%
sometimes
54%
crossing
51%
Preserved
50%
No matching quizzes found
Score Distribution
Percent of People with Each Score
Percentile by Number Answered
Your Score History
You have not taken this quiz since the last reset